000
00316nam a2200121Ia 4500
008
191201s2014 xx 000 0 und d
100
_a
SANDHU,Abhey Singh
245
0
_a
Shaheed-E-Azam Bhagat Singh ki Jail Diary
260
_a
PIET
_b
Unistar Books
_c
2014
300
_a
307
650
_a
General Books
942
_2
ddc
_c
BK
_0
1
999
_c
129
_d
129